Anatomía Humana. (Registro nro. 616)

Detalles MARC
000 -LEADER
fixed length control field 01235 am a2200373 a 4500
005 - FECHA ULTIMA MODIFICACION
control field 20240527121328.0
008 - CAMPO DE CONTROL (LIBRO)
fixed length control field 100302s1983||||ag a f |||| 001 0 spa d
020 ## - INTERNATIONAL STANDARD BOOK NUMBER
ISBN 9500613298
041 ## - CODIGO DE IDIOMA
Código de idioma del texto/pista de sonido o título separado spa
092 ## - SIGNATURA TOPOGRAFICA DEWEY LOCAL
número de clasificación 611
libristica 47
sección LAT
100 1# - ENTRADA PRINCIPAL--NOMBRE PERSONAL
Nombre personal Latarjet, Michel
9 (RLIN) 102
245 ## - TITULO PROPIAMENTE DICHO
Título Anatomía Humana.
Subtítulo y Título paralelo T.2 /
Mención de responsabilidad y remanente de la transcripción de la portada Michel Latarjet
250 ## - MENCION DE EDICION
Mención de edición 1a ed.
260 ## - PIE DE IMPRENTA
Lugar de publicación, distribución, etc Buenos Aires:
Nombre de la editorial, distribuidor, etc Editorial Médica Panamericana;
Fecha de publicación 1983.
300 ## - DESCRIPCION FISICA
Extension 985-1909 p.
500 ## - NOTA GENERAL
Nota general Latarjet, M. y Ruiz Liard, A. (1983). Anatomía humana. T.2 (1a ed.). Buenos Aires : Editorial Médica Panamericana.
653 ## - TÉRMINO INDIZADO - PALABRAS CLAVES
Palabra clave Caja torácica
653 ## - TÉRMINO INDIZADO - PALABRAS CLAVES
Palabra clave Aparato circulatorio
653 ## - TÉRMINO INDIZADO - PALABRAS CLAVES
Palabra clave Vasos sanguíneos
653 ## - TÉRMINO INDIZADO - PALABRAS CLAVES
Palabra clave Arterias de la gran circulación
653 ## - TÉRMINO INDIZADO - PALABRAS CLAVES
Palabra clave Venas de la gran circulación
653 ## - TÉRMINO INDIZADO - PALABRAS CLAVES
Palabra clave Sistema linfático
653 ## - TÉRMINO INDIZADO - PALABRAS CLAVES
Palabra clave Aparato respiratorio
653 ## - TÉRMINO INDIZADO - PALABRAS CLAVES
Palabra clave Aparato digestivo
653 ## - TÉRMINO INDIZADO - PALABRAS CLAVES
Palabra clave Abdómen y aparato digestivo infradiafragmático
653 ## - TÉRMINO INDIZADO - PALABRAS CLAVES
Palabra clave Aparato digestivo abdominopelviano
653 ## - TÉRMINO INDIZADO - PALABRAS CLAVES
Palabra clave Aparato urinario
653 ## - TÉRMINO INDIZADO - PALABRAS CLAVES
Palabra clave Aparato genital del hombre
653 ## - TÉRMINO INDIZADO - PALABRAS CLAVES
Palabra clave Aparato genital de la mujer
653 ## - TÉRMINO INDIZADO - PALABRAS CLAVES
Palabra clave Glándulas de secreción interna
700 1# - ENTRADAS SECUNDARIAS - NOMBRE PERSONAL
Nombre personal Ruiz Liard, Alfredo
9 (RLIN) 103
930 ## - NUMERO DE INVENTARIO
Número de inventario 2138
942 ## - ADDED ENTRY ELEMENTS (KOHA)
Source of classification or shelving scheme Dewey Decimal Classification
Item type Libros
Existencias
Estado de retiro Existencia Fuente de clasificación Estado general No para prestamo Ubicación permanente ubicación actual Sala de ubicación Fecha de adquisición Total Checkouts Número de clasificación Código de barras Date last seen Número de ejemplar Price effective from Koha tipo de elemento (item) Public note Coded location qualifier
    Dewey Decimal Classification     Biblioteca Medicina Biblioteca Medicina Circulación 13/05/2011   611 47 LAT 2138 06/11/2014 ej.1 13/05/2011 Libros Hemeroteca 2022  

UNIVERSIDAD NACIONAL DEL COMAHUE
Biblioteca de la Facultad de Ciencias Médicas
Sede Toschi: Los Arrayanes y Av. Toschi, Cipolletti  - Rio Negro
Sede Los Tordos:  Yrigoyen al 2211, Cipolletti - Rio Negro 

Teléfono: 0299 - 4774707 int 25
Contacto: biblioteca@facimed.uncoma.edu.ar
© 2011 - 2026